[Event "DVM U14w 2016"]
[Site "Düsseldorf GER"]
[Date "2016.12.28"]
[Round "4"]
[White "Schneider, Katharina"]
[Black "Stowicek, Yara Mathilda"]
[Result "0-1"]
[Termination "normal"]
[Board "2.3"]
[WhiteElo "1517"]
[BlackElo "1446"]
[WhiteClock "00:11:05"]
[BlackClock "00:23:08"]
[WhiteTeam "SF Sasbach"]
[BlackTeam "USV Halle"]
[PlyCount "140"]
[WhiteFideId "16200519"]
[BlackFideId "16203569"]
[EventCountry "GER"]
[EventRounds "7"]
[EventType "team-swiss"]
[EventDate "2016.12.26"]

1. e4 {[%clk 1:30:56]} e5 {[%clk 1:30:56]} 2. Nf3 {[%clk 1:31:21]} Nc6 {[%clk
1:31:44]} 3. d4 exd4 {[%clk 1:31:44]} 4. Bc4 {[%clk 1:32:06]} Nf6 {[%clk
1:32:07]} 5. e5 {[%clk 1:32:29]} d5 {[%clk 1:32:22]} 6. Bb5 {[%clk 1:32:48]}
Ne4 {[%clk 1:32:39]} 7. Nxd4 {[%clk 1:32:58]} Bd7 {[%clk 1:32:53]} 8. Bxc6
{[%clk 1:32:44]} bxc6 {[%clk 1:33:12]} 9. O-O {[%clk 1:32:53]} Bc5 {[%clk
1:33:16]} 10. f3 {[%clk 1:32:51]} Ng5 {[%clk 1:33:29]} 11. f4 {[%clk 1:33:11]}
Ne4 {[%clk 1:33:45]} 12. Be3 {[%clk 1:33:11]} O-O {[%clk 1:33:07]} 13. Nd2
{[%clk 1:33:10]} Nxd2 {[%clk 1:31:55]} 14. Qxd2 {[%clk 1:33:24]} Bb6 {[%clk
1:32:10]} 15. Nb3 {[%clk 1:20:28]} f6 {[%clk 1:26:31]} 16. Qc3 {[%clk 1:18:30]}
Qe7 {[%clk 1:23:57]} 17. Bc5 {[%clk 1:08:58]} Bxc5+ {[%clk 1:08:23]} 18. Nxc5
{[%clk 1:07:36]} fxe5 {[%clk 1:07:08]} 19. fxe5 {[%clk 1:07:25]} Rae8 {[%clk
1:04:23]} 20. Rxf8+ {[%clk 1:06:36]} Rxf8 {[%clk 1:02:30]} 21. Re1 {[%clk
1:06:46]} Bg4 {[%clk 1:01:45]} 22. e6 {[%clk 0:54:39]} Rf6 {[%clk 1:01:10]} 23.
Qe3 {[%clk 0:51:07]} Rf5 {[%clk 0:52:41]} 24. Na6 {[%clk 0:47:20]} Rf8 {[%clk
0:50:21]} 25. Qxa7 {[%clk 0:42:11]} Bxe6 {[%clk 0:48:17]} 26. Nxc7 {[%clk
0:40:11]} Rf6 {[%clk 0:47:03]} 27. Qa8+ {[%clk 0:38:56]} Kf7 {[%clk 0:46:20]}
28. Qxc6 {[%clk 0:37:07]} Qd7 {[%clk 0:42:11]} 29. Rxe6 {[%clk 0:29:44]} Qxc6
{[%clk 0:42:03]} 30. Rxc6 {[%clk 0:30:04]} Rxc6 {[%clk 0:42:24]} 31. Nxd5
{[%clk 0:30:21]} Rxc2 {[%clk 0:42:40]} 32. b4 {[%clk 0:30:21]} Rxa2 {[%clk
0:42:41]} 33. b5 {[%clk 0:30:33]} Rb2 {[%clk 0:42:40]} 34. b6 {[%clk 0:30:35]}
Ke6 {[%clk 0:42:31]} 35. Nc7+ {[%clk 0:30:13]} Kd7 {[%clk 0:42:29]} 36. Nd5
{[%clk 0:29:46]} Kc6 {[%clk 0:42:38]} 37. Ne3 {[%clk 0:29:39]} Rxb6 {[%clk
0:42:45]} 38. Kf2 {[%clk 0:29:58]} Kc5 {[%clk 0:42:32]} 39. g4 {[%clk 0:29:28]}
g6 {[%clk 0:42:07]} 40. g5 {[%clk 0:27:24]} Kd4 {[%clk 0:41:19]} 41. Ng4 {[%clk
0:27:02]} Ke4 {[%clk 0:37:37]} 42. Kg3 {[%clk 0:23:40]} Rb3+ {[%clk 0:35:49]}
43. Kh4 {[%clk 0:22:12]} Kf5 {[%clk 0:34:58]} 44. Nh6+ {[%clk 0:15:59]} Kf4
{[%clk 0:33:43]} 45. Ng4 {[%clk 0:14:11]} Rb5 {[%clk 0:33:04]} 46. Nf2 {[%clk
0:11:55]} Kf5 {[%clk 0:29:43]} 47. Nh3 {[%clk 0:11:18]} Rb3 {[%clk 0:25:38]}
48. Nf2 {[%clk 0:08:32]} Rb4+ {[%clk 0:25:39]} 49. Kg3 {[%clk 0:08:53]} Kxg5
{[%clk 0:25:42]} 50. Nh3+ {[%clk 0:09:04]} Kf5 {[%clk 0:25:52]} 51. Nf2 {[%clk
0:09:05]} g5 {[%clk 0:25:13]} 52. h3 {[%clk 0:09:19]} Rb3+ {[%clk 0:24:55]} 53.
Kg2 {[%clk 0:09:38]} h5 {[%clk 0:24:45]} 54. Kh2 {[%clk 0:09:27]} Kf4 {[%clk
0:24:34]} 55. Kg2 {[%clk 0:09:34]} Rb2 {[%clk 0:23:56]} 56. Kg1 {[%clk
0:09:14]} Kg3 {[%clk 0:22:58]} 57. Ne4+ {[%clk 0:09:12]} Kxh3 {[%clk 0:23:00]}
58. Nxg5+ {[%clk 0:09:24]} Kg3 {[%clk 0:22:45]} 59. Ne4+ {[%clk 0:09:37]} Kf4
{[%clk 0:22:48]} 60. Nf2 {[%clk 0:09:50]} Kf3 {[%clk 0:22:46]} 61. Nd3 {[%clk
0:08:57]} Rd2 {[%clk 0:20:49]} 62. Ne1+ {[%clk 0:08:41]} Kg3 {[%clk 0:20:47]}
63. Kf1 {[%clk 0:08:36]} Rd1 {[%clk 0:20:52]} 64. Ke2 {[%clk 0:08:55]} Rxe1+
{[%clk 0:21:14]} 65. Kxe1 {[%clk 0:09:15]} Kg2 {[%clk 0:21:39]} 66. Ke2 {[%clk
0:09:37]} h4 {[%clk 0:22:02]} 67. Kd3 {[%clk 0:09:59]} h3 {[%clk 0:22:23]} 68.
Kd2 {[%clk 0:10:11]} h2 {[%clk 0:22:47]} 69. Kc3 {[%clk 0:10:36]} h1=Q {[%clk
0:23:05]} 70. Kb3 {[%clk 0:11:05]} Qc1 {[%clk 0:23:08]} 0-1

[Event "DVM U14w 2016"]
[Site "Düsseldorf GER"]
[Date "2016.12.28"]
[Round "4"]
[White "Voigt, Anastasia"]
[Black "Schneider, Anna"]
[Result "0-1"]
[Termination "normal"]
[Board "2.4"]
[WhiteElo "955"]
[BlackElo "1381"]
[WhiteClock "01:26:05"]
[BlackClock "01:20:55"]
[WhiteTeam "USV Halle"]
[BlackTeam "SF Sasbach"]
[PlyCount "38"]
[WhiteFideId "16235223"]
[BlackFideId "16200527"]
[EventCountry "GER"]
[EventRounds "7"]
[EventType "team-swiss"]
[EventDate "2016.12.26"]

1. e4 {[%clk 1:30:56]} e5 {[%clk 1:30:53]} 2. Nf3 {[%clk 1:31:20]} Nc6 {[%clk
1:31:11]} 3. Bc4 {[%clk 1:31:26]} Bc5 {[%clk 1:31:12]} 4. c3 {[%clk 1:31:31]}
Nf6 {[%clk 1:30:23]} 5. d4 {[%clk 1:31:49]} exd4 {[%clk 1:30:09]} 6. cxd4
{[%clk 1:31:55]} Bb4+ {[%clk 1:30:25]} 7. Nc3 {[%clk 1:31:56]} d5 {[%clk
1:30:00]} 8. exd5 {[%clk 1:31:40]} Nxd5 {[%clk 1:29:43]} 9. O-O {[%clk
1:31:32]} Nce7 {[%clk 1:29:19]} 10. Bxd5 {[%clk 1:30:46]} Nxd5 {[%clk 1:29:13]}
11. Ng5 {[%clk 1:29:18]} O-O {[%clk 1:25:10]} 12. Nxd5 {[%clk 1:29:24]} Qxd5
{[%clk 1:24:42]} 13. Qg4 {[%clk 1:27:38]} Bxg4 {[%clk 1:24:50]} 14. Nh3 {[%clk
1:26:45]} Rfe8 {[%clk 1:22:02]} 15. a3 {[%clk 1:26:25]} Bd6 {[%clk 1:21:30]}
16. b4 {[%clk 1:26:04]} Qxd4 {[%clk 1:21:26]} 17. Be3 {[%clk 1:26:03]} Qe5
{[%clk 1:20:55]} 18. g3 {[%clk 1:25:54]} Bxh3 {[%clk 1:21:03]} 19. Rfe1 {[%clk
1:26:05]} Qd5 {[%clk 1:20:55]} 0-1

[Event "DVM U14w 2016"]
[Site "Düsseldorf GER"]
[Date "2016.12.28"]
[Round "4"]
[White "Geletzke, Hannah"]
[Black "Weimert, Miriam"]
[Result "0-1"]
[Termination "normal"]
[Board "3.1"]
[WhiteElo "1558"]
[BlackElo "1744"]
[WhiteTeam "SV Empor Erfurt"]
[BlackTeam "SG Leipzig"]
[PlyCount "64"]
[WhiteFideId "12983330"]
[BlackFideId "12966703"]
[EventCountry "GER"]
[EventRounds "7"]
[EventType "team-swiss"]
[EventDate "2016.12.26"]

1. d4 d5 2. c4 e6 3. Nc3 Nf6 4. Bg5 Be7 5. e3 c6 6. Nf3 Nbd7 7. Qc2 O-O 8. cxd5
exd5 9. Bd3 Re8 10. O-O Nf8 11. Bh4 Ne4 12. Bxe7 Qxe7 13. a3 Ng6 14. b4 a6 15.
Rab1 Bg4 16. Bxe4 dxe4 17. Nd2 Bf5 18. Rfe1 Nh4 19. d5 Qg5 20. g3 Nf3+ 21. Nxf3
exf3 22. e4 Qg4 23. Qd3 Bg6 24. dxc6 Rad8 25. Qe3 Bh5 26. Kh1 Qh3 27. Rg1 bxc6
28. Qf4 Bg4 29. Nd1 Rd4 30. Nc3 Red8 31. Qe5 R4d6 32. Rbd1 Qxh2+ 0-1

[Event "DVM U14w 2016"]
[Site "Düsseldorf GER"]
[Date "2016.12.28"]
[Round "4"]
[White "Oswald, Lena"]
[Black "Reuter, Elisa"]
[Result "1/2-1/2"]
[Termination "normal"]
[Board "3.2"]
[WhiteElo "1541"]
[BlackElo "1618"]
[WhiteTeam "SG Leipzig"]
[BlackTeam "SV Empor Erfurt"]
[PlyCount "86"]
[WhiteFideId "12983314"]
[BlackFideId "12995444"]
[EventCountry "GER"]
[EventRounds "7"]
[EventType "team-swiss"]
[EventDate "2016.12.26"]

1. e4 {[%emt 0:00:00]} c5 2. Nf3 Nc6 3. d4 cxd4 4. Nxd4 g6 5. Nxc6 bxc6 6. Qd4
f6 7. Nc3 Bg7 8. Bc4 e6 9. O-O Ne7 10. Be3 O-O 11. Qd6 f5 12. Bg5 Bf6 13. Bxf6
Rxf6 14. Rad1 Qf8 15. e5 Rf7 16. Qd2 Qg7 17. f4 h6 18. Rf3 g5 19. Rg3 g4 20.
Rd3 Nd5 21. Na4 Nb6 22. Nxb6 axb6 23. Qe3 b5 24. Bb3 Kh7 25. c4 b4 26. c5 Rb8
27. Rd4 Qf8 28. Rc1 Rb5 29. Rdc4 Ba6 30. Qd2 Qb8 31. Rd4 Qa7 32. Rdc4 Qb8 33.
Rd1 Qa7 34. Qe1 Rb7 35. Rc2 Rg7 36. Kf2 h5 37. Qd2 Rb5 38. Rdc1 Rb7 39. Ke3 h4
40. Kd4 g3 41. h3 Rb8 42. Qd1 Rh8 43. Qh5+ Kg8 1/2-1/2

[Event "DVM U14w 2016"]
[Site "Düsseldorf GER"]
[Date "2016.12.28"]
[Round "4"]
[White "Krömer, Paulina"]
[Black "Oswald, Hannah"]
[Result "1/2-1/2"]
[Termination "normal"]
[Board "3.3"]
[WhiteElo "1538"]
[BlackElo "1498"]
[WhiteTeam "SV Empor Erfurt"]
[BlackTeam "SG Leipzig"]
[PlyCount "52"]
[WhiteFideId "16212363"]
[BlackFideId "16214960"]
[EventCountry "GER"]
[EventRounds "7"]
[EventType "team-swiss"]
[EventDate "2016.12.26"]

1. d4 d5 2. Nf3 Nf6 3. e3 e6 4. c4 dxc4 5. Bxc4 c5 6. O-O cxd4 7. Nxd4 Be7 8.
b3 O-O 9. Bb2 Bd7 10. Nd2 Nc6 11. N2f3 h6 12. a4 Qc7 13. Rc1 Qb6 14. Qe2 Na5
15. Ne5 Nxc4 16. Nxd7 Nxd7 17. Qxc4 Bc5 18. Rfd1 Rfd8 19. Qc3 Bf8 20. Qc7 Bc5
21. Qg3 Bd6 22. Qh3 Be5 23. Qg4 Bf6 24. Qg3 Be5 25. Qg4 Bf6 26. Qg3 Be5 1/2-1/2

[Event "DVM U14w 2016"]
[Site "Düsseldorf GER"]
[Date "2016.12.28"]
[Round "4"]
[White "Heck, Jasmin"]
[Black "Runds, Emily Sophie"]
[Result "0-1"]
[Termination "normal"]
[Board "3.4"]
[WhiteElo "1102"]
[BlackElo "1087"]
[WhiteTeam "SG Leipzig"]
[BlackTeam "SV Empor Erfurt"]
[PlyCount "100"]
[WhiteFideId "16217160"]
[BlackFideId "16235231"]
[EventCountry "GER"]
[EventRounds "7"]
[EventType "team-swiss"]
[EventDate "2016.12.26"]

1. e4 {[%emt 0:00:00]} e5 2. Nf3 Nc6 3. d4 exd4 4. Nxd4 Bc5 5. Be3 Qf6 6. c3
Nge7 7. Bc4 Ne5 8. Be2 N7c6 9. O-O O-O 10. f3 d6 11. Kh1 Ng6 12. b4 Bb6 13. a4
a6 14. Na3 Bxd4 15. Bxd4 Nxd4 16. cxd4 Nf4 17. Bc4 Qg6 18. Ra2 c6 19. Raf2 b5
20. Bb3 bxa4 21. Bxa4 Rb8 22. Nc2 c5 23. bxc5 dxc5 24. dxc5 Rb7 25. Ne3 Be6 26.
Rd2 h6 27. g3 Nh3 28. Bc2 Qg5 29. Qe2 Qxc5 30. Qd3 Rd7 31. Qe2 Bc4 32. Bd3 Bxd3
33. Rxd3 Rxd3 34. Qxd3 Rb8 35. Kg2 Rb2+ 36. Kh1 Rf2 37. Qd8+ Kh7 38. Re1 Rxf3
39. Nf5 Nf2+ 40. Kg2 Qc3 41. Ne7 h5 42. Qg8+ Kh6 43. Qh8+ Kg5 44. h4+ Kg4 45.
Rc1 Rxg3+ 46. Kf1 Qd3+ 47. Ke1 Rg1+ 48. Kxf2 Qg3+ 49. Ke2 Rg2+ 50. Kf1 Qf2# 0-1

[Event "DVM U14w 2016"]
[Site "Düsseldorf GER"]
[Date "2016.12.28"]
[Round "4"]
[White "Rudolph, Eva"]
[Black "Schubert, Arlene"]
[Result "1-0"]
[Termination "normal"]
[Board "4.1"]
[WhiteElo "1655"]
[BlackElo "1168"]
[WhiteTeam "Düsseldorfer SK"]
[BlackTeam "SC Annaberg-Buchholz"]
[PlyCount "41"]
[WhiteFideId "16200594"]
[BlackFideId "16220951"]
[EventCountry "GER"]
[EventRounds "7"]
[EventType "team-swiss"]
[EventDate "2016.12.26"]

1. e4 c5 2. Nc3 d6 3. f4 Nc6 4. Bb5 Bd7 5. Nf3 a6 6. Bxc6 Bxc6 7. O-O e6 8. d3
Nf6 9. Qe1 Be7 10. Qg3 g6 11. Bd2 Qd7 12. e5 dxe5 13. fxe5 Nh5 14. Qg4 Rc8 15.
Kh1 c4 16. dxc4 Bxf3 17. Qxf3 Bf8 18. Rad1 Rxc4 19. Bg5 Qc7 20. Rd8+ Qxd8 21.
Qxf7# 1-0

[Event "DVM U14w 2016"]
[Site "Düsseldorf GER"]
[Date "2016.12.28"]
[Round "4"]
[White "Jin, Tanja"]
[Black "Sokolowski, Judith"]
[Result "0-1"]
[Termination "normal"]
[Board "4.2"]
[WhiteElo "1211"]
[BlackElo "1527"]
[WhiteTeam "SC Annaberg-Buchholz"]
[BlackTeam "Düsseldorfer SK"]
[PlyCount "116"]
[WhiteFideId "16235355"]
[BlackFideId "16200624"]
[EventCountry "GER"]
[EventRounds "7"]
[EventType "team-swiss"]
[EventDate "2016.12.26"]

1. e4 c5 2. Nf3 e6 3. d4 cxd4 4. Nxd4 a6 5. Nc3 Qc7 6. Bd3 Nf6 7. O-O b5 8. Bd2
Bb7 9. a3 d6 10. Re1 Nbd7 11. Nf3 Nc5 12. Bg5 Be7 13. Qd2 O-O 14. b4 Nxd3 15.
cxd3 Rac8 16. Rac1 Qb8 17. e5 dxe5 18. Nxe5 Rfd8 19. d4 Nd5 20. Bxe7 Nxe7 21.
Ne4 Rxc1 22. Qxc1 Rxd4 23. Nc5 Qa8 24. f3 Bc6 25. Nb3 Rd8 26. Qf4 f6 27. Nxc6
Qxc6 28. Nd4 Qc3 29. Rd1 e5 30. Qd2 Qxd4+ 31. Qxd4 Rxd4 32. Ra1 Nc6 33. Re1 Rc4
34. Ra1 Nd4 35. Kf2 Rc2+ 36. Kg3 Kf7 37. a4 Rb2 38. axb5 axb5 39. Ra7+ Kg6 40.
Rb7 Rxb4 41. f4 Nf5+ 42. Kf3 Rxf4+ 43. Ke2 b4 44. g3 Rc4 45. Kd3 Rc3+ 46. Kd2
Rb3 47. Kc2 Nd4+ 48. Kd2 Rb2+ 49. Kc1 Rc2+ 50. Kb1 b3 51. h3 b2 52. Rxb2 Rxb2+
53. Kxb2 Kg5 54. Kc3 Ne2+ 55. Kd3 Nxg3 56. Ke3 Kh4 57. Kf2 Kxh3 58. Kf3 f5 0-1

[Event "DVM U14w 2016"]
[Site "Düsseldorf GER"]
[Date "2016.12.28"]
[Round "4"]
[White "Kogan, Dina Rachel"]
[Black "Berndt, Christiane"]
[Result "1-0"]
[Termination "normal"]
[Board "4.3"]
[WhiteElo "1256"]
[BlackElo "1153"]
[WhiteTeam "Düsseldorfer SK"]
[BlackTeam "SC Annaberg-Buchholz"]
[PlyCount "53"]
[WhiteFideId "16200608"]
[BlackFideId "16235363"]
[EventCountry "GER"]
[EventRounds "7"]
[EventType "team-swiss"]
[EventDate "2016.12.26"]

1. e4 e5 2. d4 exd4 3. Qxd4 Nc6 4. Qe3 Nf6 5. Nc3 Ng4 6. Qg3 d6 7. f3 Nf6 8.
Bf4 Qe7 9. Nge2 g6 10. O-O-O Bg7 11. Qf2 Be6 12. g4 O-O 13. h4 Nd7 14. g5 Be5
15. Qg3 Rad8 16. h5 gxh5 17. Qh4 Bxf4+ 18. Nxf4 Nde5 19. Qxh5 f5 20. Nxe6 Rf7
21. Nxd8 Nxd8 22. g6 Nxg6 23. Bc4 Ne6 24. exf5 Ngf4 25. Rdg1+ Ng7 26. Qxh7+ Kf8
27. Qh8# 1-0

[Event "DVM U14w 2016"]
[Site "Düsseldorf GER"]
[Date "2016.12.28"]
[Round "4"]
[White "Schubert, Matthea"]
[Black "Paulweber, Lara Maria"]
[Result "0-1"]
[Termination "normal"]
[Board "4.4"]
[WhiteElo "941"]
[BlackElo "1389"]
[WhiteTeam "SC Annaberg-Buchholz"]
[BlackTeam "Düsseldorfer SK"]
[PlyCount "80"]
[WhiteFideId "16235371"]
[BlackFideId "12954411"]
[EventCountry "GER"]
[EventRounds "7"]
[EventType "team-swiss"]
[EventDate "2016.12.26"]

1. e4 e6 2. Nf3 d5 3. e5 c5 4. d4 Nc6 5. c3 Nge7 6. Be3 Nf5 7. Bd2 cxd4 8. cxd4
Nfxd4 9. Bc3 Nxf3+ 10. Qxf3 d4 11. Bd2 Nxe5 12. Qf4 Nc6 13. Be2 e5 14. Qe4 Qb6
15. b3 f6 16. Bh5+ Kd8 17. O-O Be6 18. Qe1 Qa6 19. a4 Bxb3 20. a5 Bc4 21. Be2
Bxe2 22. h3 Bxf1 23. Qe4 Qb5 24. Qg4 Qb2 25. Ra4 Qxb1 26. Qh4 Bb5+ 27. Kh2 Bxa4
28. g4 Qd3 29. Be1 Qe2 30. g5 Qxe1 31. gxf6 Kc7 32. f7 Be7 33. Qg3 Rhf8 34. Qf3
e4 35. Qf4+ Bd6 36. Qxd6+ Kxd6 37. Kg2 Rxf7 38. Kg3 Qxf2+ 39. Kg4 Qf4+ 40. Kh5
g6# 0-1

[Event "DVM U14w 2016"]
[Site "Düsseldorf GER"]
[Date "2016.12.28"]
[Round "4"]
[White "Schiewe, Nadin"]
[Black "Wastian, Mareike"]
[Result "1/2-1/2"]
[Termination "normal"]
[Board "5.1"]
[WhiteElo "1292"]
[BlackElo "1770"]
[WhiteTeam "SC Eintracht Berlin"]
[BlackTeam "SF Brackel"]
[PlyCount "51"]
[WhiteFideId "16209079"]
[BlackFideId "12947423"]
[EventCountry "GER"]
[EventRounds "7"]
[EventType "team-swiss"]
[EventDate "2016.12.26"]

1. d4 d5 2. Nf3 Nf6 3. e3 c5 4. b3 Nc6 5. a3 Bg4 6. Nbd2 e6 7. Bb2 cxd4 8. exd4
Bd6 9. Be2 O-O 10. Ne5 Bxe2 11. Qxe2 Qc7 12. Rc1 Rfc8 13. O-O a6 14. f4 b5 15.
Rf3 Qa7 16. Qf2 h6 17. Rh3 Kh8 18. Ndf3 Rc7 19. Qh4 Rac8 20. g4 Nh7 21. c3 Bxe5
22. fxe5 Ne7 23. g5 Nf5 24. Qh5 g6 25. Qg4 h5 26. Qf4 1/2-1/2

[Event "DVM U14w 2016"]
[Site "Düsseldorf GER"]
[Date "2016.12.28"]
[Round "4"]
[White "Garbuz, Nicole"]
[Black "Gehrke, Gina Celina"]
[Result "1-0"]
[Termination "normal"]
[Board "5.2"]
[WhiteElo "1576"]
[BlackElo "1457"]
[WhiteTeam "SF Brackel"]
[BlackTeam "SC Eintracht Berlin"]
[PlyCount "119"]
[WhiteFideId "12990701"]
[BlackFideId "16205979"]
[EventCountry "GER"]
[EventRounds "7"]
[EventType "team-swiss"]
[EventDate "2016.12.26"]

1. e4 {[%emt 0:00:00]} c5 2. c3 d5 3. exd5 Qxd5 4. d4 e6 5. Nf3 Nc6 6. Be3 cxd4
7. cxd4 Nf6 8. a3 g6 9. Nc3 Qd8 10. Bb5 Bg7 11. Bxc6+ bxc6 12. Ne5 Bd7 13. O-O
O-O 14. Qf3 Nd5 15. Na4 Bxe5 16. dxe5 Nxe3 17. Qxe3 Qa5 18. Nc5 Bc8 19. b4 Qb6
20. Qh6 f5 21. exf6 Rxf6 22. Ne4 Rf7 23. Ng5 Re7 24. Rfe1 Bd7 25. Re3 Rae8 26.
Rf3 Qd4 27. Re1 Qg7 28. Rh3 e5 29. Rh4 Bf5 30. Qxg7+ Rxg7 31. f4 e4 32. g4 h6
33. Rxh6 Bxg4 34. Nxe4 Re6 35. Kf2 Bf5 36. Ng3 Rxe1 37. Kxe1 Bd7 38. Kf2 Be8
39. Ne4 Kf7 40. Nd6+ Ke7 41. Nxe8 Kxe8 42. Rh8+ Kd7 43. Ra8 Ke6 44. Kg3 Kd5 45.
Rc8 Re7 46. Kf3 Rh7 47. Rd8+ Kc4 48. Kg2 Rf7 49. Rd6 Kb3 50. Rd3+ Ka4 51. Kg3
Kb5 52. Kg4 Rf5 53. h4 c5 54. bxc5 Kxc5 55. Kg3 a5 56. Re3 Kd5 57. Kg4 a4 58.
Re5+ Rxe5 59. fxe5 Kxe5 60. Kg5 1-0

[Event "DVM U14w 2016"]
[Site "Düsseldorf GER"]
[Date "2016.12.28"]
[Round "4"]
[White "Elier, Basmalah"]
[Black "Seifert, Jessica"]
[Result "0-1"]
[Termination "normal"]
[Board "5.4"]
[WhiteElo "756"]
[BlackElo "956"]
[WhiteTeam "SF Brackel"]
[BlackTeam "SC Eintracht Berlin"]
[PlyCount "96"]
[WhiteFideId "16223004"]
[BlackFideId "16235258"]
[EventCountry "GER"]
[EventRounds "7"]
[EventType "team-swiss"]
[EventDate "2016.12.26"]

1. e4 e5 2. Nf3 Nc6 3. Nc3 Bc5 4. Bc4 Nf6 5. d3 d6 6. Bg5 Be6 7. Nd5 Bxd5 8.
exd5 Nd4 9. c3 Nf5 10. d4 exd4 11. cxd4 Qe7+ 12. Kf1 Bb6 13. Bd3 Nxd4 14. Bb5+
c6 15. Nxd4 cxb5 16. Nxb5 O-O 17. Qe1 Qxe1+ 18. Rxe1 Nxd5 19. Nxd6 Rab8 20. Rd1
Nb4 21. Be7 Nxa2 22. Bxf8 Kxf8 23. Nc4 Bc5 24. Ne5 Ke8 25. Nd7 Rd8 26. Rd5 Bb4
27. Ke2 Rxd7 28. Rxd7 Kxd7 29. Rd1+ Kc6 30. h3 Ba3 31. Rd2 Bb4 32. Rc2+ Kd6 33.
g4 Ke5 34. Ke3 Bd6 35. f4+ Kd5 36. h4 Bc5+ 37. Kf3 Nb4 38. Rd2+ Kc4 39. Rd7 Bd4
40. Rxf7 b5 41. Rxa7 Bxa7 42. g5 g6 43. f5 gxf5 44. h5 Nd3 45. g6 Bd4 46. gxh7
Bxb2 47. h6 Bd4 48. Ke2 Bc3 0-1

[Event "DVM U14w 2016"]
[Site "Düsseldorf GER"]
[Date "2016.12.28"]
[Round "4"]
[White "Bykov, Ilona"]
[Black "Bohrer, Katharina"]
[Result "1-0"]
[Termination "normal"]
[Board "6.1"]
[WhiteElo "1399"]
[BlackElo "1144"]
[WhiteTeam "Karlsruher SF"]
[BlackTeam "SF Konz-Karthaus"]
[PlyCount "45"]
[WhiteFideId "12964433"]
[BlackFideId "16225457"]
[EventCountry "GER"]
[EventRounds "7"]
[EventType "team-swiss"]
[EventDate "2016.12.26"]

1. e4 d6 2. d4 Nf6 3. Nc3 g6 4. Be3 Bg7 5. Be2 O-O 6. Qd2 Nc6 7. O-O-O a6 8.
Bh6 b5 9. h4 b4 10. Nb1 Nxe4 11. Qe3 Nf6 12. h5 Bb7 13. Nf3 Ng4 14. Qb3 Bxh6+
15. Nbd2 Nxf2 16. hxg6 hxg6 17. Rxh6 Nxd1 18. Ng5 Qd7 19. Rxg6+ Kh8 20. Nxf7+
Kh7 21. Rh6+ Kg7 22. Qg3+ Kxf7 23. Qg6# 1-0

[Event "DVM U14w 2016"]
[Site "Düsseldorf GER"]
[Date "2016.12.28"]
[Round "4"]
[White "Biermann, Sophie"]
[Black "Chung, Dana"]
[Result "1-0"]
[Termination "normal"]
[Board "6.2"]
[WhiteElo "1186"]
[BlackElo "1166"]
[WhiteTeam "SF Konz-Karthaus"]
[BlackTeam "Karlsruher SF"]
[PlyCount "25"]
[WhiteFideId "16208960"]
[BlackFideId "16235290"]
[EventCountry "GER"]
[EventRounds "7"]
[EventType "team-swiss"]
[EventDate "2016.12.26"]

1. e4 c6 2. Nc3 d5 3. Nf3 dxe4 4. Nxe4 Bf5 5. Ng3 Bg6 6. h4 h6 7. Ne5 Bh7 8.
Qh5 g6 9. Bc4 e6 10. Qe2 Nd7 11. Nxf7 Kxf7 12. Qxe6+ Kg7 13. Qf7# 1-0

[Event "DVM U14w 2016"]
[Site "Düsseldorf GER"]
[Date "2016.12.28"]
[Round "4"]
[White "Shevchenko, Alyona"]
[Black "Schilz, Tabea"]
[Result "0-1"]
[Termination "normal"]
[Board "6.3"]
[WhiteElo "1033"]
[BlackElo "1088"]
[WhiteTeam "Karlsruher SF"]
[BlackTeam "SF Konz-Karthaus"]
[PlyCount "68"]
[WhiteFideId "12983420"]
[BlackFideId "16235312"]
[EventCountry "GER"]
[EventRounds "7"]
[EventType "team-swiss"]
[EventDate "2016.12.26"]

1. e4 e5 2. Nf3 Nc6 3. Bc4 Nf6 4. d3 Bc5 5. Nc3 O-O 6. Bg5 h6 7. Bh4 Be7 8. O-O
d6 9. h3 Re8 10. d4 a6 11. Re1 b5 12. Bd5 Nxd5 13. exd5 Nxd4 14. Bxe7 Nxf3+ 15.
Qxf3 Qxe7 16. a4 Bd7 17. Qd3 bxa4 18. Nxa4 Bb5 19. c4 Bd7 20. Nc3 Reb8 21. Ra2
Rb6 22. Ne4 Bf5 23. Qc3 Rab8 24. c5 dxc5 25. Nxc5 e4 26. Nxa6 Ra8 27. Qc4 c6
28. g4 Bd7 29. Rxe4 Qf6 30. Nc5 Rxa2 31. Qxa2 Rxb2 32. Qa8+ Kh7 33. Nxd7 Qxf2+
34. Kh1 Qg2# 0-1

[Event "DVM U14w 2016"]
[Site "Düsseldorf GER"]
[Date "2016.12.28"]
[Round "4"]
[White "Schilz, Luna"]
[Black "Vu, Minh Anh"]
[Result "1/2-1/2"]
[Termination "normal"]
[Board "6.4"]
[WhiteElo "1110"]
[BlackElo "918"]
[WhiteTeam "SF Konz-Karthaus"]
[BlackTeam "Karlsruher SF"]
[PlyCount "49"]
[WhiteFideId "16235320"]
[BlackFideId "16235304"]
[EventCountry "GER"]
[EventRounds "7"]
[EventType "team-swiss"]
[EventDate "2016.12.26"]

1. e4 e5 2. Nf3 Nc6 3. Bc4 Bc5 4. Nc3 Nf6 5. d3 d6 6. h3 h6 7. O-O O-O 8. Be3
Bb6 9. Bxb6 axb6 10. Re1 Re8 11. Bb5 Bd7 12. Nh4 Nd4 13. Bc4 Be6 14. Bxe6 Rxe6
15. Ne2 Nh5 16. Nxd4 exd4 17. Qxh5 Ra5 18. Qg4 Rg5 19. Qf3 Rf6 20. Nf5 d5 21.
h4 dxe4 22. dxe4 Rgg6 23. Re2 c5 24. Rd1 Qd7 25. Red2 1/2-1/2

[Event "DVM U14w 2016"]
[Site "Düsseldorf GER"]
[Date "2016.12.28"]
[Round "4"]
[White "Gauchel, Verena"]
[Black "Reichelt, Lena"]
[Result "1/2-1/2"]
[Termination "normal"]
[Board "7.1"]
[WhiteElo "1544"]
[BlackElo "1486"]
[WhiteTeam "SC Ammersee"]
[BlackTeam "SK Nordhorn-Blanke"]
[PlyCount "70"]
[WhiteFideId "12988537"]
[BlackFideId "12981184"]
[EventCountry "GER"]
[EventRounds "7"]
[EventType "team-swiss"]
[EventDate "2016.12.26"]

1. d4 e6 2. c4 Nf6 3. Nc3 Bb4 4. Qc2 b6 5. Bg5 h6 6. Bh4 g5 7. Bg3 Bb7 8. h3
Ne4 9. Bh2 f5 10. e3 d6 11. Nf3 Nd7 12. Be2 Qe7 13. a3 Bxc3+ 14. bxc3 O-O-O 15.
Rg1 h5 16. Nd2 Ndf6 17. Bf3 g4 18. Bxe4 Nxe4 19. Nxe4 Bxe4 20. Qa4 a5 21. hxg4
hxg4 22. Bg3 Bxg2 23. Kd2 Bb7 24. Qb5 Qd7 25. Qb3 Qf7 26. Kc2 Qe7 27. Ra2 Rh7
28. Rb2 Rh6 29. Kb1 Rdh8 30. Ka2 Rg6 31. Rgb1 Be4 32. Rd1 Bf3 33. Rdb1 Be4 34.
Rd1 Bf3 35. Rdb1 Be4 1/2-1/2

[Event "DVM U14w 2016"]
[Site "Düsseldorf GER"]
[Date "2016.12.28"]
[Round "4"]
[White "Meijerink, Inken"]
[Black "Heinze, Sabrina"]
[Result "1/2-1/2"]
[Termination "normal"]
[Board "7.2"]
[WhiteElo "1381"]
[BlackElo "1333"]
[WhiteTeam "SK Nordhorn-Blanke"]
[BlackTeam "SC Ammersee"]
[PlyCount "71"]
[WhiteFideId "16225465"]
[BlackFideId "12981737"]
[EventCountry "GER"]
[EventRounds "7"]
[EventType "team-swiss"]
[EventDate "2016.12.26"]

1. e4 e5 2. Nf3 Nc6 3. d4 exd4 4. Nxd4 Bc5 5. Be3 Qf6 6. Nb5 Bxe3 7. fxe3 Qh4+
8. g3 Qxe4 9. Nxc7+ Kd8 10. Nxa8 Qxh1 11. Qd6 Nf6 12. Nd2 Re8 13. O-O-O Qd5 14.
Qc7+ Ke7 15. Bc4 Qe5 16. Qxe5+ Nxe5 17. Nc7 Rd8 18. Nd5+ Nxd5 19. Bxd5 b6 20.
Ne4 h6 21. Bb3 Ng4 22. Rf1 f6 23. h3 Ne5 24. Rd1 Bb7 25. Nd6 Bc6 26. Nf5+ Kf8
27. Nd4 Ke8 28. Nf5 Kf8 29. Be6 Be4 30. Nd4 Ke7 31. Bb3 g6 32. Nb5 a6 33. Nc3
Bc6 34. Bd5 h5 35. Ne4 f5 36. Nc3 1/2-1/2